Medicina interna de pequeños animales /
Este libro enfatiza la práctica del arte de la veterinaria, utilizando las últimas técnicas y métodos diagnósticos y terapéuticos. Los autores son todos clínicos, con muchos años de experiencia. En esta cuarta edición se ha obtenido un texto práctico, con un marcado sesgo clínico.
| 主要作者: | |
|---|---|
| 其他作者: | |
| 格式: | 圖書 |
| 語言: | Spanish English |
| 出版: |
Barcelona:
Elsevier,
2010.
|
| 版: | Cuarta edición. |
| 主題: |
MARC
| LEADER | 00000cam a2200000 i 4500 | ||
|---|---|---|---|
| 003 | Ucuenca | ||
| 005 | 20230613220013.0 | ||
| 006 | a||||fr|||| 001 | | ||
| 007 | ta | ||
| 008 | 170802t20102010sp aaaafr|||| 001 | spa a | ||
| 020 | |a 978-0-323-04881-1 |q edición original | ||
| 020 | |a 978-84-8086-501-2 |q edición española | ||
| 040 | |b spa |a UCuenca-cdrjbv |c UCuenca |e rda | ||
| 041 | 1 | |a spa |h eng | |
| 082 | 0 | |2 22 |a 636.089 |c 254568 | |
| 100 | 1 | |9 79483 |a Nelson, Richard W. |e autor | |
| 240 | 1 | |0 Small animal internal medicine. |l English. | |
| 245 | 1 | 0 | |a Medicina interna de pequeños animales / |c Richard W. Nelson y C. Guillermo Couto. |
| 250 | |a Cuarta edición. | ||
| 264 | 1 | |a Barcelona: |b Elsevier, |c 2010. | |
| 264 | 4 | |c ©2010 | |
| 300 | |a xxxiii, 1467 páginas: |b ilu |c 28 cm | ||
| 336 | |2 rdacontent |a texto |b txt | ||
| 337 | |2 rdamedia |a no mediado |b n | ||
| 338 | |2 rdacarrier |a volumen |b nc | ||
| 504 | |a incl. bibind. | ||
| 520 | 3 | |a Este libro enfatiza la práctica del arte de la veterinaria, utilizando las últimas técnicas y métodos diagnósticos y terapéuticos. Los autores son todos clínicos, con muchos años de experiencia. En esta cuarta edición se ha obtenido un texto práctico, con un marcado sesgo clínico. | |
| 650 | 1 | 7 | |9 105597 |a Medicina en pequeños animales |
| 650 | 1 | 7 | |9 207604 |a Medicina interna veterinaria |
| 700 | 1 | |a Couto, C. Guillermo. |d autor |9 272554 | |
| 942 | |c BK |z diana.leon@ucuenca.edu.ec |2 ddc |r bladimir.cabrerar@ucuenca.edu.ec |0 3 | ||
| 999 | |c 151923 |d 151923 | ||